| 000 | 00398nam a2200181Ia 4500 | ||
|---|---|---|---|
| 005 | 20251020182541.0 | ||
| 008 | 200515s9999 xx 000 0 und d | ||
| 082 | _a741/G41/1967 | ||
| 100 | _aGIESECKE, Frederick | ||
| 245 | 0 | _aTechnical Drawing | |
| 260 | _aNew York | ||
| 260 | _c1969 | ||
| 300 | _a882 | ||
| 500 | _a1 ejemplar | ||
| 650 | _aDIBUJO TECNICO | ||
| 650 | _aLIB | ||
| 942 | _cLIB | ||
| 999 |
_c2402 _d2402 |
||